LEADER 01165nam a2200277 4500 001 000000350523 003 CaOOAMICUS 005 20220617104241.0 008 220617s2021 it 000 u ita r 020 $a978-88-06-24925-0 040 $aSeMil$bita 100 1 $aAriosto, Ludovico,$d<1474-1533>.$0(OLS)http://semarc/name/1232 245 10$aSatire /$cLudovico Ariosto ; testo critico e commento a cura di Cesare Segre. 250 $aNuova ed. aggiornata 264 1$aTorino :$bGiulio Einaudi,$c2021. 300 $aXXXVIII, 117 p. ;$c18 cm 490 1 $aCollezione di poesia ;$v484 650 4$aAriosto, Ludovico <1474-1533> - Opere.$0(OLS)http://semarc/subject/51797 700 1 $aSegre, Cesare,$d<1928-2014>.$0(OLS)http://semarc/name/3893 830 0$aCollezione di poesia ;$v484.$0(OLS)http://semarc/title/7855 850 $aSeMil 852 $aSeMil$W1$xVenegono$y1$m1B I 259$j233229$B241544$CSeMilBibl$Z2$F241544 $81 996 $6020$a978-88-06-24925-0$9(OLS)http://semarc/number/296044 996 $6245$aSatire$9(OLS)http://semarc/title/122996 996 $6264$aTorino :$bGiulio Einaudi$9(OLS)http://semarc/publisher/29810 LEADER 01133nam a2200277 i 4500 001 000000189303 003 CaOOAMICUS 005 20150213000000.0 008 150213s1924 it u000 u ita u 013 $a167576 040 $aSeMil$bita 100 1 $aSinibaldi, Giacomo.$0(OLS)http://semarc/name/68571 245 13$aIl Regno del SS. Cuore di Gesł /$cGiacomo Sinibaldi. 260 $aMilano :$bVita e Pensiero,$c1924. 300 $a563 p., [1] c. di tav. :$britr. ;$c22 cm. 490 0 $aBiblioteca ascetica [Vita e pensiero] ;$v6 500 $aFondo card. Giovanni Colombo. 650 4$aSacro Cuore - Culto.$0(OLS)http://semarc/subject/2450 650 4$aSacro Cuore - Spiritualitą.$0(OLS)http://semarc/subject/34029 830 0$aBiblioteca ascetica ;$v6.$0(OLS)http://semarc/title/9193 850 $aSeMil 852 $aSeMil$W1$xVenegono$y1$m3GC V 173$j139934$B139934$CSeMilBibl$Z2$F151538 $8B 941 1 $a3 961 $aLascito: Colombo Card. Giovanni 996 $6245$aIl Regno del SS. Cuore di Gesł$9(OLS)http://semarc/title/268667 996 $6260$aMilano :$bVita e Pensiero$9(OLS)http://semarc/publisher/29642